000 00664nam a2200193 i 4500
001 116017
003 ES-MaACL
005 20250930063117.0
007 t|
008 061121s1903 sp r ||||1| spa d
100 1 _aOrtiz de la Torre, Alfonso,
_d1865-1929
_9170182
245 1 4 _aLas cajas de protección del trabajo
_b: conciliación, arbitraje /
_cAlfonso Ortiz de la Torre.
260 _aBarcelona :
_b[s.n.],
_c1903 (
_fTip. "El siglo XX")
300 _a112 p. ;
_c19 cm.
650 4 _aConciliación industrial-
_zEspaña.
_9164340
650 4 _aArbitraje industrial-
_zEspaña.
_9164341
852 _aES-MaACL
_jT-1037-F-7
999 _c116017
_d116017